1856 1340 1256 1711 1286 1787 1189 1075 1623 1300 1768 1217 1448 1075 1676 1597 1419 1295 1986 1940 1407 1436 1275 1454 1503 1469 1308 1370 1395 1258 1530 1603 1793 1625 1904 1050 1291 1909 1999 1464 1116 1774 1619 1180 1590 1084 1295 1068 1586 1866 1258 1802 1402 1115 1071 1904 1512 1613 1821 1143 1233 1530 1917 1615 1292 1993 1396 1099 1504 1199 1794 1764 1780 1435 1170 1011 1808 1931 1140 1226 1025 1984 1013 1220 1297 1093 1523 1396 1234 1904 1410 1807 1457 1942 1282 1030 1388 1730 1097 BCNSPRNW ULIB Ver.6.0+V

เปลี่ยนเป็นภาษาไทย

Change to English
 แสดงรายละเอียดบรรณานุกรม
  กลับหน้าหลัก

Brief Record : Get Marc (ISO 2709) : E-mail record : QR code < ปิดหน้าต่าง
LEADER : 00000nam 2200000uu 4500
001    13399115250
003     ULIB
008    120808s2549||||th 000 0 tha d
020    ^a9746134515(ล.2)
060  4 ^aWA671^bม246พ ล.2 2549
110 1  ^aมหาวิทยาลัยสุโขทัยธรรมาธิราช^bสาขาวิชาวิทยาศาสตร์สุขภาพ
245 00 ^aเอกสารการสอนชุดวิชา พิษวิทยาและเวชศาสตร์อุตสาหกรรม หน่วยที่8-15=^bToxicology and industrial medicine/^cสาขาวิชาวิทยาศาสตร์สุขภาพ มหาวิทยาลัยสุโขทัยธรรมาธิราช
246 0  ^aToxicology and industrial medicine
250    ^aพิมพ์ครั้งที่ 12
260    ^aนนทบุรี:^bศูนย์หนังสือมหาวิทยาลัยสุโขทัยธรรมาธิราช,^c2549
300    ^a376 หน้า
650  7 ^aพิษวิทยา
650  7 ^aเวชศาสตร์อุตสาหกรรม
945    ^p0^l0^i14749
995    ^aกัณชพร
999    ^aใช้งานได้ทุกระบบ
รายการนี้ยังไม่มีแท็ก
คุณยังไม่ได้ล็อกอิน คุณสามารถมีกิจกรรมร่วมกับเว็บไซต์ได้ แต่ต้องล็อกอินก่อน ::
  ล็อกอิน

รายการสื่อสารสนเทศ

ลำดับที่ ประเภท เลขเรียก/บาร์โค้ด สถานที่ สถานะ
- ไม่พบข้อมูล -

รายการใกล้เคียง
    หัวเรื่อง [พิษวิทยา]
    หัวเรื่อง [เวชศาสตร์อุตสาหกรรม]

BibComment


ยังไม่เคยถูกคอมเมนท์

คอมเมนท์ทรัพยากรรายการนี้
  คอมเมนท์: เอกสารการสอนชุดว..


 Copyright 2026. Bcnsprnw @Library